000 00666nam a2200277Ia 4500
005 20260324123826.0
008 008 260324s9999 xx 000 0 eng d
020 _a9781003155393
037 _aEBOOK
040 _aCRL
040 _beng
040 _cCRL
041 _2eng
041 _aeng
084 _qCRL
100 _aJohn Moorhead; Robin Burgess
_91171792
245 0 _aNew Principles of Best Practice in Clinical Audit
260 _bTaylor and Francis
260 _c2011
365 _a
365 _b370
856 _uhttp://www.taylorfrancis.com/books/9781003155393
942 _cEBOOK
999 _c1765643
_d1765643